000257422 001__ 257422
000257422 005__ 20260426040121.0
000257422 0247_ $$aG:(GEPRIS)574341080$$d574341080
000257422 035__ $$aG:(GEPRIS)574341080
000257422 040__ $$aGEPRIS$$chttp://gepris.its.kfa-juelich.de
000257422 150__ $$aVon unidirektionaler zu interaktiver Kommunikation: Einfluss von Stimme und Hintergrundlärm auf das Zuhören und Sprechen$$y2026 -
000257422 371__ $$aIsabel Sarah Schiller, Ph.D.
000257422 450__ $$aDFG project G:(GEPRIS)574341080$$wd$$y2026 -
000257422 5101_ $$0I:(DE-588b)2007744-0$$aDeutsche Forschungsgemeinschaft$$bDFG
000257422 680__ $$a
000257422 909CO $$ooai:juser.fz-juelich.de:1056502$$pauthority:GRANT$$pauthority
000257422 909CO $$ooai:juser.fz-juelich.de:1056502
000257422 980__ $$aG
000257422 980__ $$aAUTHORITY